Discovering data mining : from concept to implementation /

Guardado en:
Otros Autores: Cabena, Peter.
Formato: Libro
Idioma:English
Publicado: Upper Saddle River, N.J. : Prentice Hall, c1998.
Materias:
Etiquetas: Agregar Etiqueta
Sin Etiquetas, Sea el primero en etiquetar este registro!
LEADER 00809nam a22002415a 4500
001 DCC.dcic000121
008 970619s1998####njua#####b####001#0#eng##
005 20151123141455.0
245 0 0 |a Discovering data mining :  |b from concept to implementation /  |c Peter Cabena ... [et al.]. 
260 |a Upper Saddle River, N.J. :  |b Prentice Hall,  |c c1998. 
300 |a xix, 195 p. :  |b ill. ;  |c 25 cm. 
504 |a Includes bibliographical references (p. 169-172) and index. 
020 |a 0137439806 
700 1 |a Cabena, Peter. 
082 0 0 |a 658/.05631  |2 21 
650 0 |a Data mining. 
650 0 |a Marketing  |x Data processing. 
650 0 |a Business  |x Data processing. 
035 |9 (DLC) 97018170 
010 |a  97018170  
040 |a DLC  |c DLC  |d DLC 
050 0 0 |a HF5415.125  |b .D584 1998 
859 |a DCIC  |b BIB. COMPUTACION  |p 0194